|
|
|
|
| LEADER |
00000nam a2200000 a 4500 |
| 001 |
vtls009288927 |
| 003 |
SK-MaSNL |
| 005 |
20260331205021.0 |
| 008 |
160610s2008 xo odl f a 001 0 slo |
| 015 |
|
|
|a SNBA2008/06-02564
|
| 020 |
|
|
|a 9788096986507 (viaz.)
|
| 035 |
|
|
|a A606906A-0CF1-47F1-BBCF-8D15F53288E2
|
| 035 |
|
|
|a urn:nbn:sk:snk-amleld
|
| 035 |
|
|
|a urn:nbn:sk:snk-am008yko
|
| 040 |
|
|
|a SNK
|b slo
|c SNK
|e AACR2
|
| 041 |
0 |
|
|a slo
|b slo
|b eng
|
| 044 |
|
|
|a xo
|c SK
|
| 072 |
|
7 |
|a 616
|x Patológia. Klinická medicína
|2 konspekt
|
| 080 |
|
|
|a 616.379-008.64:616.12-008.331.1
|x (048.8)
|2 2001
|
| 080 |
|
|
|a 616.12-008.331.1
|2 2001
|
| 080 |
|
|
|a 616-07
|2 2001
|
| 080 |
|
|
|a 616-08
|2 2001
|
| 080 |
|
|
|a (048.8)
|2 2001
|
| 080 |
|
|
|a 616.379-008.64
|2 2001
|
| 100 |
1 |
|
|a Babčák, Marián,
|d 1957-
|4 com
|9 200442
|
| 245 |
1 |
0 |
|a Diabetes mellitus a artériová hypertenzia
|c Marián Babčák, Oliver Rácz a kolektív
|
| 250 |
|
|
|a 1. vyd.
|
| 260 |
|
|
|a Prešov
|b DAH
|c 2008
|
| 300 |
|
|
|a 240 s.
|b fotogr., grafy, sch., tab.
|c 21 cm
|
| 504 |
|
|
|a Bibliogr. odkazy. Zoz. skrat., tab. a obr. Reg.
|
| 546 |
|
|
|a Res. slov. a angl.
|
| 650 |
0 |
7 |
|a diabetes mellitus
|2 SNKPH
|9 72741
|
| 650 |
0 |
7 |
|a diagnostika (medicína)
|2 SNKPH
|9 28740
|
| 650 |
0 |
7 |
|a terapia
|2 SNKPH
|9 781
|
| 650 |
0 |
7 |
|a arteriálna hypertenzia
|2 SNKPH
|9 29016
|
| 650 |
0 |
7 |
|a Arterial hypertension
|2 SNKPHeng
|9 305654
|
| 650 |
0 |
7 |
|a Medical diagnostics
|2 SNKPHeng
|9 268685
|
| 650 |
0 |
7 |
|a Therapy
|2 SNKPHeng
|9 267006
|
| 655 |
|
7 |
|a monografie
|2 SNKPH
|9 70139
|
| 655 |
|
7 |
|a Monographs
|2 SNKPHeng
|9 120675
|
| 700 |
1 |
|
|a Rácz, Oliver,
|d 1947-
|4 aut
|9 201815
|
| 700 |
1 |
|
|a Vargová, Viola,
|d 1977-
|4 aut
|9 224069
|
| 700 |
1 |
|
|a Trenkler, Štefan,
|d 1949-
|4 aut
|9 73171
|
| 700 |
1 |
|
|a Sadloňová, Jurina,
|d 1953-
|4 aut
|9 201273
|
| 700 |
1 |
|
|a Nosáľová, Gabriela,
|d 1942-
|4 aut
|9 7299
|
| 700 |
1 |
|
|a Németh, František,
|d 1947-
|4 aut
|9 200443
|
| 700 |
1 |
|
|a Mokáň, Marián,
|d 1957-
|4 aut
|9 106742
|
| 700 |
1 |
|
|a Merčiaková, Martina
|4 aut
|9 405151
|
| 700 |
1 |
|
|a Mechírová, Viola,
|d 1945-
|4 aut
|9 10064
|
| 700 |
1 |
|
|a Galanda, Peter
|4 aut
|9 405152
|
| 700 |
1 |
|
|a Babčák, Marián,
|d 1957-
|4 aut
|9 200442
|
| 700 |
1 |
|
|a Leško-Andraščíková, Jana
|4 aut
|9 405153
|
| 919 |
|
|
|a 978-80-969865-0-7
|
| 958 |
|
|
|a NB
|
| 958 |
|
|
|a MI
|
| 958 |
|
|
|a OND
|
| 968 |
|
|
|d 61
|
| 999 |
|
|
|c 656336
|d 658266
|
| 952 |
|
|
|a SNK
|b SNK
|y PREZ
|7 0
|p 17A0586733
|o snkSC 131798
|i snk2008/9238
|8 0
|0 0
|1 0
|4 0
|d 2008-04-24
|f 1
|l 0
|r 2025-06-23 00:00:00
|w 2026-02-23
|
| 952 |
|
|
|a SNK
|b SNK
|y VYP
|7 0
|p 17A0586781
|o snkSC 131798 D1
|i snk2008/9239
|8 0
|0 0
|1 0
|4 0
|d 2008-04-24
|l 0
|r 2026-02-23 18:37:25
|w 2026-02-23
|
| 952 |
|
|
|a SNK
|b SNK
|y VYP
|7 0
|p 17A0586732
|o snkSC 131798 D2
|i snk2008/9240
|8 0
|0 0
|1 0
|4 0
|d 2008-04-24
|l 0
|r 2026-02-23 18:37:25
|w 2026-02-23
|